[Event "FBL S"]
[Site "?"]
[Date "2018.10.27"]
[Round "1.2"]
[White "Birkholz, Olga"]
[Black "Hund, Sarah"]
[Result "0-1"]
[WhiteElo "2074"]
[BlackElo "2023"]
[PlyCount "96"]
[EventDate "2018.10.27"]
[EventType "team-tourn"]
[EventCountry "GER"]
[WhiteTeam "Augsburg SG"]
[BlackTeam "Freiburg SK Zaehringen"]
[WhiteTeamCountry "GER"]
[BlackTeamCountry "GER"]

1. e4 e5 2. Bc4 Nf6 3. Qe2 Nc6 4. Nf3 Bc5 5. c3 d6 6. b4 Bb6 7. O-O O-O 8. d3
Be6 9. Bg5 a5 10. b5 Nb8 11. Nbd2 Nbd7 12. a4 Re8 13. Bxe6 fxe6 14. Nc4 Qe7 15.
h3 Qf7 16. Nxb6 Nxb6 17. Be3 Nbd7 18. Nd2 Nh5 19. g3 Rad8 20. Bg5 Ndf6 21. Nc4
b6 22. Kh2 h6 23. Bd2 Kh7 24. Rae1 Nd7 25. f4 exf4 26. gxf4 Nc5 27. d4 Nd7 28.
Qd3 g6 29. f5 exf5 30. exf5 g5 31. Qf3 Nhf6 32. Qd3 Rxe1 33. Rxe1 Re8 34. Re6
Nf8 35. Rxe8 Qxe8 36. Ne3 N8d7 37. Qc4 Qh5 38. Qe6 Qe2+ 39. Ng2 Qxd2 40. Qe7+
Kg8 41. Qd8+ Kf7 42. Qxc7 Ke7 43. Qc4 d5 44. Qc6 Qe2 45. c4 dxc4 46. Kg1 Qd1+
47. Kh2 Qxd4 48. Qe6+ Kf8 0-1

[Event "FBL S"]
[Site "?"]
[Date "2018.10.27"]
[Round "1.4"]
[White "Woniak, Katarzyna"]
[Black "Thode, Gilda"]
[Result "1-0"]
[WhiteElo "1945"]
[BlackElo "1948"]
[PlyCount "75"]
[EventDate "2018.10.27"]
[EventType "team-tourn"]
[EventCountry "GER"]
[WhiteTeam "Augsburg SG"]
[BlackTeam "Freiburg SK Zaehringen"]
[WhiteTeamCountry "GER"]
[BlackTeamCountry "GER"]

1. c4 b6 2. Nc3 Bb7 3. d4 e6 4. Nf3 Nf6 5. Bg5 Bb4 6. a3 Bxc3+ 7. bxc3 h6 8.
Bh4 d6 9. e3 O-O 10. Be2 Nbd7 11. O-O c5 12. a4 Qc7 13. Nd2 Ne4 14. Nxe4 Bxe4
15. Bf3 Bxf3 16. Qxf3 Rae8 17. Rfc1 f5 18. Bg3 e5 19. h3 g5 20. Bh2 f4 21. exf4
exf4 22. Qd3 Kg7 23. Re1 Nf6 24. Rxe8 Rxe8 25. g3 Nh5 26. gxf4 gxf4 27. Kh1
Qb7+ 28. d5 Qf7 29. Rg1+ Kf6 30. Qf3 Ke7 31. Rg4 Rf8 32. Rh4 Nf6 33. Rxf4 Qg6
34. Bg3 Qb1+ 35. Kh2 Qc2 36. Bh4 Qg6 37. Qe3+ Kf7 38. Rxf6+ 1-0

[Event "FBL S"]
[Site "?"]
[Date "2018.10.27"]
[Round "1.5"]
[White "Neisius, Laura Maria"]
[Black "Braun, Kristin"]
[Result "1/2-1/2"]
[WhiteElo "1655"]
[BlackElo "1939"]
[PlyCount "165"]
[EventDate "2018.10.27"]
[EventType "team-tourn"]
[EventCountry "GER"]
[WhiteTeam "Freiburg SK Zaehringen"]
[BlackTeam "Augsburg SG"]
[WhiteTeamCountry "GER"]
[BlackTeamCountry "GER"]

1. e4 c5 2. c3 d5 3. exd5 Qxd5 4. Qf3 Nf6 5. Qxd5 Nxd5 6. Nf3 Nc6 7. Bb5 Bd7 8.
O-O e6 9. d4 cxd4 10. Nxd4 Nxd4 11. Bxd7+ Kxd7 12. cxd4 Bb4 13. Be3 Rac8 14. a3
Ba5 15. b4 Bb6 16. Nd2 Ke7 17. Rfe1 Rhd8 18. Ne4 Rc4 19. Nc5 Bxc5 20. bxc5 Nxe3
21. fxe3 e5 22. Rab1 Rd7 23. Rb4 Rxb4 24. axb4 exd4 25. exd4+ Kf6 26. Rd1 Ke6
27. b5 Kd5 28. Ra1 Kc4 29. c6 bxc6 30. bxc6 Rc7 31. Ra4+ Kb5 32. Ra2 Kxc6 33.
Kf2 Kb5 34. Ke3 a5 35. Kd3 a4 36. d5 Rc4 37. g3 Kc5 38. d6 Rd4+ 39. Ke3 Rxd6
40. Rxa4 Kd5 41. Rf4 Ke6 42. h4 Ra6 43. Re4+ Kf6 44. Rf4+ Ke7 45. g4 Re6+ 46.
Kd4 Re1 47. h5 Ke6 48. Kd3 f6 49. Kd4 Re5 50. Kd3 f5 51. g5 Re1 52. Ra4 Rg1 53.
Ra6+ Ke5 54. g6 hxg6 55. hxg6 Rd1+ 56. Ke3 Rd6 57. Ra5+ Kf6 58. Kf4 Rd4+ 59.
Kf3 Kxg6 60. Ra6+ Kg5 61. Ra1 Rf4+ 62. Kg3 Re4 63. Kf3 g6 64. Rg1+ Kf6 65. Rg3
g5 66. Kf2 g4 67. Kf1 Kg5 68. Kf2 f4 69. Rd3 g3+ 70. Kf3 Kf5 71. Rd5+ Re5 72.
Rd3 Kg5 73. Rc3 Rf5 74. Rd3 Ra5 75. Rc3 Kh4 76. Rc1 Ra3+ 77. Kxf4 g2 78. Rc7
Ra5 79. Rg7 Ra4+ 80. Kf3 Kh3 81. Rh7+ Rh4 82. Rxh4+ Kxh4 83. Kxg2 1/2-1/2

[Event "FBL S"]
[Site "?"]
[Date "2018.10.27"]
[Round "1.1"]
[White "Worek, Joanna"]
[Black "Troyke, Doreen"]
[Result "1-0"]
[WhiteElo "2270"]
[BlackElo "2075"]
[PlyCount "61"]
[EventDate "2018.10.27"]
[EventType "team-tourn"]
[EventCountry "GER"]
[WhiteTeam "Mainz TSV Schott"]
[BlackTeam "Erfurt SV Medizin"]
[WhiteTeamCountry "GER"]
[BlackTeamCountry "GER"]

1. d4 d5 2. c4 e6 3. Nc3 Nf6 4. Bg5 Be7 5. e3 O-O 6. Qc2 Nbd7 7. cxd5 exd5 8.
Bd3 Re8 9. Nge2 c6 10. f3 Nf8 11. O-O b6 12. Rad1 Bb7 13. Qd2 Ne4 14. Nxe4 Bxg5
15. Nxg5 Qxg5 16. f4 Qh4 17. Rf3 Re6 18. Rh3 Qe7 19. f5 Rf6 20. Rf1 Re8 21. Nf4
g6 22. Qf2 Bc8 23. Rg3 Kh8 24. fxg6 hxg6 25. Rf3 g5 26. Ng6+ Rxg6 27. Rxf7 Qd6
28. Bxg6 Nxg6 29. Qe2 g4 30. R1f6 Re6 31. Qxg4 1-0

[Event "FBL S"]
[Site "?"]
[Date "2018.10.27"]
[Round "1.2"]
[White "Nguyen, Ha Thanh"]
[Black "Brandl, Lea Maria"]
[Result "1-0"]
[WhiteElo "1864"]
[BlackElo "1900"]
[PlyCount "107"]
[EventDate "2018.10.27"]
[EventType "team-tourn"]
[EventCountry "GER"]
[WhiteTeam "Erfurt SV Medizin"]
[BlackTeam "Mainz TSV Schott"]
[WhiteTeamCountry "GER"]
[BlackTeamCountry "GER"]

1. e4 c5 2. Nf3 d6 3. d4 cxd4 4. Nxd4 Nf6 5. Nc3 a6 6. Be2 e5 7. Nb3 Be7 8. O-O
b5 9. a4 b4 10. Nd5 Bb7 11. Nxe7 Qxe7 12. f3 O-O 13. Na5 Rd8 14. Nxb7 Qxb7 15.
Qe1 Nc6 16. Bd3 h6 17. Qh4 Nd7 18. g4 Nd4 19. g5 hxg5 20. Bxg5 Re8 21. Be3 Ne6
22. Bc4 Nb6 23. Bb3 Rac8 24. Rad1 Qc7 25. Rf2 Nc5 26. Rg2 Nxb3 27. cxb3 Re6 28.
Kh1 Nd7 29. Rdg1 g6 30. Qh6 Qd8 31. Rg3 Qf8 32. Qh4 Qg7 33. Rh3 a5 34. Bh6 Qf6
35. Bg5 Qg7 36. Bd8 Ra8 37. Bxa5 Rb8 38. Qe1 Nc5 39. Qd2 Nxb3 40. Qd5 Nxa5 41.
Qxa5 Qf6 42. Qd5 Qd8 43. Qd2 Qf6 44. Qh6 Qg7 45. Qd2 Qf6 46. Qh6 Ree8 47. Rhg3
Re6 48. Rh3 Rb7 49. Rc1 Re8 50. Rc6 Reb8 51. Rxd6 Qg7 52. Qd2 Qf8 53. Qd5 Rc7
54. Rxg6+ 1-0

[Event "FBL S"]
[Site "?"]
[Date "2018.10.27"]
[Round "1.3"]
[White "Krasnopeyeva, Julia"]
[Black "Mueller Ludwig, Kristin"]
[Result "1-0"]
[WhiteElo "1914"]
[BlackElo "2005"]
[PlyCount "65"]
[EventDate "2018.10.27"]
[EventType "team-tourn"]
[EventCountry "GER"]
[WhiteTeam "Mainz TSV Schott"]
[BlackTeam "Erfurt SV Medizin"]
[WhiteTeamCountry "GER"]
[BlackTeamCountry "GER"]

1. e4 e6 2. d4 d5 3. Nc3 Bb4 4. e5 Ne7 5. a3 Bxc3+ 6. bxc3 c5 7. Nf3 b6 8. Bb5+
Bd7 9. Bd3 c4 10. Be2 Ba4 11. h4 h6 12. h5 Nbc6 13. O-O Kd7 14. Bf4 Qg8 15. Bg3
Qh7 16. Ra2 Raf8 17. Qd2 Kc8 18. Re1 Nf5 19. Bf4 g5 20. Bg3 Nxg3 21. fxg3 f5
22. exf6 Rxf6 23. Nh2 Qc7 24. Ng4 Rf5 25. Ne3 Rf6 26. Bg4 Ne7 27. Rf1 Rhf8 28.
Bxe6+ Bd7 29. Rxf6 Rxf6 30. Bxd5 Qxg3 31. Bxc4 Rf3 32. Nf1 Qg4 33. Nh2 1-0

[Event "FBL S"]
[Site "?"]
[Date "2018.10.27"]
[Round "1.4"]
[White "Reuter, Elisa"]
[Black "Katte, Isabel"]
[Result "1-0"]
[WhiteElo "1786"]
[BlackElo "1926"]
[PlyCount "45"]
[EventDate "2018.10.27"]
[EventType "team-tourn"]
[EventCountry "GER"]
[WhiteTeam "Erfurt SV Medizin"]
[BlackTeam "Mainz TSV Schott"]
[WhiteTeamCountry "GER"]
[BlackTeamCountry "GER"]

1. e4 e6 2. d4 b6 3. Nc3 Bb7 4. Nge2 Bb4 5. a3 Bxc3+ 6. Nxc3 Qh4 7. g3 Qe7 8.
Bg2 Nc6 9. O-O O-O-O 10. d5 Ne5 11. a4 a5 12. b3 h5 13. h3 Ba6 14. Re1 Nh6 15.
Ba3 Qf6 16. Nb5 h4 17. f4 hxg3 18. Rf1 Neg4 19. e5 Qh4 20. dxe6 Ne3 21. Qf3 d5
22. exd6 fxe6 23. Na7+ 1-0

[Event "FBL S"]
[Site "?"]
[Date "2018.10.27"]
[Round "1.5"]
[White "Kalina, Lena"]
[Black "Umpfenbach, Carolin"]
[Result "0-1"]
[WhiteElo "1439"]
[BlackElo "2093"]
[PlyCount "76"]
[EventDate "2018.10.27"]
[EventType "team-tourn"]
[EventCountry "GER"]
[WhiteTeam "Mainz TSV Schott"]
[BlackTeam "Erfurt SV Medizin"]
[WhiteTeamCountry "GER"]
[BlackTeamCountry "GER"]

1. d4 e6 2. Nf3 b6 3. c4 Bb7 4. a3 a5 5. Nc3 f5 6. Bf4 Nf6 7. e3 Be7 8. Be2 O-O
9. O-O Ne8 10. h3 d6 11. Rc1 Kh8 12. d5 e5 13. Bh2 Nd7 14. b4 Bc8 15. Qc2 g5
16. Nd2 f4 17. Qd3 Ng7 18. e4 Nf6 19. Bf3 Rg8 20. Kh1 Qf8 21. Rg1 Nge8 22. Be2
Qh6 23. Rcf1 g4 24. hxg4 Bxg4 25. Bxg4 Rxg4 26. g3 Nh5 27. gxf4 Nxf4 28. Qf3
Rh4 29. Qg3 Nf6 30. f3 N6h5 31. Qf2 Nh3 32. Qg2 Nxg1 33. Rxg1 Nf4 34. Qg3 Rh3
35. Qf2 Bh4 36. Qf1 Rxh2+ 37. Kxh2 Be1+ 38. Qh3 Qxh3# 0-1

[Event "FBL S"]
[Site "?"]
[Date "2018.10.27"]
[Round "1.6"]
[White "Kube, Hannelore"]
[Black "Zemke, Christine"]
[Result "1-0"]
[WhiteElo "1904"]
[BlackElo "1704"]
[PlyCount "127"]
[EventDate "2018.10.27"]
[EventType "team-tourn"]
[EventCountry "GER"]
[WhiteTeam "Erfurt SV Medizin"]
[BlackTeam "Mainz TSV Schott"]
[WhiteTeamCountry "GER"]
[BlackTeamCountry "GER"]

1. c4 d5 2. cxd5 Qxd5 3. Nc3 Qa5 4. d4 Nf6 5. Nf3 Bf5 6. Bd2 Qb6 7. Qc1 c6 8.
Na4 Qd8 9. e3 h6 10. Be2 e6 11. Ne5 Bd6 12. O-O Qc7 13. f3 Bh7 14. Nc5 Nbd7 15.
Ncxd7 Nxd7 16. f4 O-O 17. Qe1 Nf6 18. Rc1 Rac8 19. Nc4 Be7 20. Bf3 Be4 21. Qe2
Qd7 22. Bc3 Qd5 23. b3 Bxf3 24. Rxf3 Ne4 25. Bb2 f6 26. Rff1 Bb4 27. a3 Be7 28.
Qd3 Nc5 29. Qd1 Ne4 30. b4 Rfd8 31. Nd2 Nxd2 32. Qxd2 Qe4 33. Qc2 Qxe3+ 34. Kh1
Rxd4 35. Bxd4 Qxd4 36. Rcd1 Qb6 37. Rd7 Re8 38. Rfd1 f5 39. Qc4 Kf7 40. Re1 c5
41. bxc5 Qc6 42. Qd4 Kf8 43. h3 Qxc5 44. Qxc5 Bxc5 45. Rxb7 Bxa3 46. Rxa7 Bd6
47. g3 Re7 48. Ra6 Bb4 49. Rexe6 Rxe6 50. Rxe6 Kf7 51. Rc6 Ba3 52. Kg2 Bb2 53.
Kf3 Bd4 54. g4 fxg4+ 55. hxg4 Ba1 56. Ke4 Bb2 57. Kf5 Bf6 58. Rc7+ Ke8 59. Ke6
Kd8 60. Ra7 Kc8 61. Kf7 Kd8 62. Kg6 Bd4 63. Rxg7 Bxg7 64. Kxg7 1-0

[Event "FBL S"]
[Site "?"]
[Date "2018.10.27"]
[Round "1.1"]
[White "Afraoui, Anaelle"]
[Black "Timofeeva, Galina"]
[Result "0-1"]
[WhiteElo "2028"]
[BlackElo "2026"]
[PlyCount "112"]
[EventDate "2018.10.27"]
[EventType "team-tourn"]
[EventCountry "GER"]
[WhiteTeam "Langen SK"]
[BlackTeam "Stuttgart SV Wolfbusch"]
[WhiteTeamCountry "GER"]
[BlackTeamCountry "GER"]

1. e4 c5 2. Nf3 e6 3. d4 cxd4 4. Nxd4 a6 5. Bd3 Nf6 6. O-O e5 7. Ne2 Be7 8. a4
d5 9. exd5 Nxd5 10. Nec3 Nb4 11. Na3 Nxd3 12. Qxd3 Qxd3 13. cxd3 Be6 14. Nc4
Nc6 15. Be3 O-O 16. Bb6 Rac8 17. Ne4 Nb4 18. Nxe5 f6 19. Nf3 Nxd3 20. Nd4 Bf7
21. Nf5 Bb4 22. a5 Bg6 23. Ned6 Bxf5 24. Nxf5 Bc5 25. Rad1 Nxb2 26. Rd7 Rf7 27.
Rxf7 Kxf7 28. Rb1 Ba3 29. g3 Nc4 30. Rd1 Nxb6 31. axb6 Rc6 32. g4 g6 33. Ne3
Rc1 34. Rxc1 Bxc1 35. Nd5 Ba3 36. Kf1 Bc5 37. Ke2 Ke6 38. Nc7+ Kd6 39. Ne8+ Ke7
40. Nc7 Kd6 41. Ne8+ Ke5 42. f4+ Kxf4 43. Nxf6 Bd4 44. Nxh7 Kxg4 45. Nf8 g5 46.
Nd7 Kh3 47. Kd3 Bg1 48. Ke4 g4 49. Kf5 Bxh2 50. Nc5 Bg1 51. Nxb7 Bxb6 52. Nd6
g3 53. Ne4 g2 54. Ng5+ Kg3 55. Ne4+ Kf3 56. Ng5+ Kf2 0-1

[Event "FBL S"]
[Site "?"]
[Date "2018.10.27"]
[Round "1.2"]
[White "Li, Zhuoling"]
[Black "Rollot, Florence"]
[Result "1-0"]
[WhiteElo "2062"]
[BlackElo "2011"]
[PlyCount "55"]
[EventDate "2018.10.27"]
[EventType "team-tourn"]
[EventCountry "GER"]
[WhiteTeam "Stuttgart SV Wolfbusch"]
[BlackTeam "Langen SK"]
[WhiteTeamCountry "GER"]
[BlackTeamCountry "GER"]

1. e4 d5 2. exd5 Qxd5 3. Nc3 Qa5 4. Bc4 Nf6 5. h3 Bf5 6. Nf3 Nc6 7. O-O e6 8.
d3 O-O-O 9. Bd2 Bb4 10. a3 Bxc3 11. Bxc3 Qb6 12. b4 Nd5 13. Bd2 Nd4 14. a4
Nxf3+ 15. Qxf3 Qd6 16. a5 h6 17. a6 b6 18. Bb3 Kd7 19. Rfe1 g5 20. Ba4+ c6 21.
c4 Nxb4 22. Bxb4 Qxb4 23. Bxc6+ Kd6 24. Bb5 Rc8 25. d4 Qd2 26. Qa3+ Kc7 27.
Qe7+ Kb8 28. Qb7# 1-0

[Event "FBL S"]
[Site "?"]
[Date "2018.10.27"]
[Round "1.3"]
[White "Achatz, Kirstin"]
[Black "Siegl, Melina"]
[Result "0-1"]
[WhiteElo "1981"]
[BlackElo "2019"]
[PlyCount "100"]
[EventDate "2018.10.27"]
[EventType "team-tourn"]
[EventCountry "GER"]
[WhiteTeam "Langen SK"]
[BlackTeam "Stuttgart SV Wolfbusch"]
[WhiteTeamCountry "GER"]
[BlackTeamCountry "GER"]

1. d4 d6 2. Bf4 g6 3. e3 Bg7 4. Nf3 Nf6 5. h3 O-O 6. Be2 Nc6 7. O-O Nd7 8. c3
e5 9. dxe5 Ndxe5 10. Nbd2 h6 11. Bh2 g5 12. Nxe5 dxe5 13. Ne4 Qe7 14. Qc2 Be6
15. Rfd1 f5 16. Ng3 g4 17. Bf1 gxh3 18. gxh3 f4 19. exf4 exf4 20. Ne4 Ne5 21.
Qe2 Qh4 22. Kh1 Rae8 23. f3 Bxh3 24. Bg2 Re6 25. Rg1 Qh5 26. Nd2 Bf5 27. Bf1
Nxf3 28. Qxf3 Be4 29. Qxe4 Rxe4 30. Nxe4 Kh8 31. a4 Re8 32. Re1 f3 33. Ng3 Qf7
34. Rxe8+ Qxe8 35. Nf5 Bf8 36. Nd4 f2 37. Rg2 Qe1 38. Be5+ Qxe5 39. Rxf2 Bd6
40. Rg2 Qe1 41. Kg1 Bf4 42. Nc2 Qc1 43. Rf2 Qxb2 44. c4 Qb6 45. Kg2 Qg6+ 46.
Kf3 Bg5 47. Re2 Qc6+ 48. Kg3 Qxa4 49. Nd4 Qd1 50. Re8+ Kh7 0-1

[Event "FBL S"]
[Site "?"]
[Date "2018.10.27"]
[Round "1.4"]
[White "Klotz, Sonja"]
[Black "Poetsch, Leonore"]
[Result "1/2-1/2"]
[WhiteElo "1964"]
[BlackElo "2042"]
[PlyCount "83"]
[EventDate "2018.10.27"]
[EventType "team-tourn"]
[EventCountry "GER"]
[WhiteTeam "Stuttgart SV Wolfbusch"]
[BlackTeam "Langen SK"]
[WhiteTeamCountry "GER"]
[BlackTeamCountry "GER"]

1. e4 e6 2. d4 d5 3. Nd2 Nf6 4. Bd3 c5 5. exd5 Qxd5 6. Ngf3 cxd4 7. Bc4 Qd6 8.
O-O Be7 9. Nb3 e5 10. Qe2 Nbd7 11. Re1 e4 12. Nfxd4 Nb6 13. Bb5+ Bd7 14. Nf5
Qe5 15. Bxd7+ Kxd7 16. Nxe7 Kxe7 17. Nd2 Rhe8 18. Nxe4 Kf8 19. f3 Nxe4 20. fxe4
Rac8 21. b3 Kg8 22. Rb1 Qc5+ 23. Be3 Qxc2 24. Qxc2 Rxc2 25. Bxb6 axb6 26. a4 f6
27. Rbc1 Rb2 28. Re3 Rd8 29. h3 h5 30. h4 g5 31. hxg5 fxg5 32. Rc7 h4 33. Rec3
Rd1+ 34. Kh2 g4 35. Rxb7 Rf2 36. Rc8+ Rf8 37. Rcc7 Rf4 38. Rc8+ Rf8 39. Rcc7
Rf4 40. Rb8+ Rf8 41. Rbb7 Rf4 42. Rb8+ 1/2-1/2

[Event "FBL S"]
[Site "?"]
[Date "2018.10.27"]
[Round "1.5"]
[White "Ehmann, Johanna"]
[Black "Froehlich, Franziska"]
[Result "1/2-1/2"]
[WhiteElo "1848"]
[BlackElo "1823"]
[PlyCount "64"]
[EventDate "2018.10.27"]
[EventType "team-tourn"]
[EventCountry "GER"]
[WhiteTeam "Langen SK"]
[BlackTeam "Stuttgart SV Wolfbusch"]
[WhiteTeamCountry "GER"]
[BlackTeamCountry "GER"]

1. e4 e6 2. d4 d5 3. exd5 exd5 4. Nf3 Bd6 5. h3 Ne7 6. c4 c6 7. Nc3 Bf5 8. cxd5
Nxd5 9. Nxd5 cxd5 10. Bb5+ Nc6 11. O-O O-O 12. Bd3 Bxd3 13. Qxd3 h6 14. Bd2 Rc8
15. Qf5 Re8 16. Rfe1 Ne7 17. Qd3 Qb6 18. b3 Ng6 19. Qf5 Ne7 20. Qd3 Nc6 21.
Rad1 Nb4 22. Bxb4 Bxb4 23. Rxe8+ Rxe8 24. Qf5 Qe6 25. Qxe6 Rxe6 26. Ne5 f6 27.
Nd3 Bd6 28. Kf1 Re7 29. Rc1 Kf7 30. g3 b6 31. Rc6 Rd7 32. h4 Rd8 1/2-1/2

[Event "FBL S"]
[Site "?"]
[Date "2018.10.27"]
[Round "1.6"]
[White "Djalalova, Nigora"]
[Black "Kunisch, Nina"]
[Result "1/2-1/2"]
[WhiteElo "1964"]
[BlackElo "1740"]
[PlyCount "58"]
[EventDate "2018.10.27"]
[EventType "team-tourn"]
[EventCountry "GER"]
[WhiteTeam "Stuttgart SV Wolfbusch"]
[BlackTeam "Langen SK"]
[WhiteTeamCountry "GER"]
[BlackTeamCountry "GER"]

1. d4 d5 2. c4 dxc4 3. Nc3 Nf6 4. Nf3 c6 5. a4 Bg4 6. Ne5 Bf5 7. Nxc4 e6 8. Bg5
Nbd7 9. e4 Bg4 10. f3 Bh5 11. g4 Bg6 12. e5 h6 13. Bh4 Be7 14. exf6 Nxf6 15.
Bg3 Nd5 16. Nxd5 exd5 17. Ne5 Bh7 18. Qb3 O-O 19. Bd3 Qa5+ 20. Kd1 Bxd3 21.
Nxd3 b6 22. Qc3 Qa6 23. Kd2 Rac8 24. b4 c5 25. bxc5 bxc5 26. Nxc5 Qf6 27. Qe3
Bxc5 28. dxc5 Qb2+ 29. Kd3 Rfe8 1/2-1/2

[Event "FBL S"]
[Site "?"]
[Date "2018.10.27"]
[Round "1.2"]
[White "Blanter, Sofya"]
[Black "Dietzen, Corinna"]
[Result "0-1"]
[WhiteElo "1772"]
[BlackElo "2000"]
[PlyCount "64"]
[EventDate "2018.10.27"]
[EventType "team-tourn"]
[EventCountry "GER"]
[WhiteTeam "Regensburg SC Bavaria"]
[BlackTeam "Wadgassen SF"]
[WhiteTeamCountry "GER"]
[BlackTeamCountry "GER"]

1. d4 d6 2. c4 Nf6 3. Nf3 Nbd7 4. Nc3 e5 5. e4 Be7 6. g3 O-O 7. Bg2 Re8 8. O-O
exd4 9. Nxd4 Ne5 10. b3 Bg4 11. f3 Bd7 12. Bb2 Qc8 13. Qd2 Bh3 14. Rad1 Rd8 15.
Nce2 Ng6 16. Bxh3 Qxh3 17. Nf5 Ne8 18. Nf4 Nxf4 19. Nxe7+ Kf8 20. Qxf4 Kxe7 21.
e5 Kf8 22. Rfe1 Kg8 23. Qg5 h6 24. Qe7 Rd7 25. exd6 Rxe7 26. dxe7 Qf5 27. Rd8
Rc8 28. g4 Qxf3 29. Ba3 Qxg4+ 30. Kf1 Qf5+ 31. Kg2 Qg5+ 32. Kf1 Rxd8 0-1

[Event "FBL S"]
[Site "?"]
[Date "2018.10.27"]
[Round "1.3"]
[White "Zimmer, Elke"]
[Black "Pavlov, Liliane"]
[Result "1/2-1/2"]
[WhiteElo "1945"]
[BlackElo "1700"]
[PlyCount "126"]
[EventDate "2018.10.27"]
[EventType "team-tourn"]
[EventCountry "GER"]
[WhiteTeam "Wadgassen SF"]
[BlackTeam "Regensburg SC Bavaria"]
[WhiteTeamCountry "GER"]
[BlackTeamCountry "GER"]

1. e4 b6 2. Nf3 Bb7 3. Bc4 Bxe4 4. Bxf7+ Kxf7 5. Ng5+ Ke8 6. Nxe4 Nf6 7. Nbc3
e6 8. d4 d5 9. Ng3 Nbd7 10. Qe2 Kf7 11. Bf4 Bb4 12. O-O Bxc3 13. bxc3 Re8 14.
Rfe1 Nf8 15. Nh5 Nxh5 16. Qxh5+ Kg8 17. Re3 c6 18. Rae1 Qf6 19. Bd6 Qf7 20. Qh3
Rad8 21. Bxf8 Rxf8 22. Rf3 Qg6 23. Rxf8+ Rxf8 24. Qxe6+ Qxe6 25. Rxe6 Rc8 26.
Re7 a5 27. f3 c5 28. Rb7 cxd4 29. Rxb6 Rxc3 30. Rb2 a4 31. Kf1 a3 32. Rb3 Rxc2
33. Rxa3 Rc3 34. Rb3 Kf7 35. Ke1 Rc2 36. a4 Ra2 37. Rb4 d3 38. Rd4 Ke6 39. Rg4
g6 40. h4 Kf6 41. g3 h5 42. Rd4 Ke5 43. Rxd3 Rxa4 44. Ke2 d4 45. Rd2 Ra3 46.
Rb2 Re3+ 47. Kf2 Kf5 48. Rb4 Ke5 49. Rb5+ Kf6 50. Rd5 Rd3 51. Rd6+ Kf5 52. Rd8
Rd2+ 53. Kf1 d3 54. Rd5+ Ke6 55. Rg5 Kf6 56. Ke1 Re2+ 57. Kd1 Re5 58. Rxe5 Kxe5
59. Ke1 Kd5 60. Kd1 Ke5 61. Kd2 Kd4 62. g4 hxg4 63. fxg4 Ke4 1/2-1/2

[Event "FBL S"]
[Site "?"]
[Date "2018.10.27"]
[Round "1.4"]
[White "Oberhofer, Marie"]
[Black "Dellert, Lena"]
[Result "1-0"]
[WhiteElo "1724"]
[BlackElo "1894"]
[PlyCount "75"]
[EventDate "2018.10.27"]
[EventType "team-tourn"]
[EventCountry "GER"]
[WhiteTeam "Regensburg SC Bavaria"]
[BlackTeam "Wadgassen SF"]
[WhiteTeamCountry "GER"]
[BlackTeamCountry "GER"]

1. e4 e6 2. d4 d5 3. e5 c5 4. c3 Qb6 5. a3 Nc6 6. Nf3 f6 7. b4 c4 8. g3 fxe5 9.
dxe5 a5 10. Bb2 Nge7 11. Bh3 Ng6 12. Qe2 Be7 13. O-O O-O 14. Nbd2 Bd7 15. Rab1
Qc7 16. Rfe1 b5 17. Qe3 Qa7 18. Qxa7 Rxa7 19. Kg2 Rfa8 20. Ra1 axb4 21. cxb4 c3
22. Bxc3 Rxa3 23. Rac1 Nxb4 24. Bxb4 Bxb4 25. Rc7 Nf8 26. Rxd7 Nxd7 27. Bxe6+
Kf8 28. Bxd7 Rb8 29. e6 Ke7 30. Rb1 Bxd2 31. Nxd2 b4 32. Nb3 Kd6 33. Nd4 Ra5
34. Nc6 Rab5 35. Nxb8 Rxb8 36. Kf3 b3 37. Ke3 b2 38. Kd3 1-0

[Event "FBL S"]
[Site "?"]
[Date "2018.10.27"]
[Round "1.5"]
[White "Thiery, Jennifer"]
[Black "Schilay, Eva"]
[Result "1-0"]
[WhiteElo "1779"]
[BlackElo "1690"]
[PlyCount "109"]
[EventDate "2018.10.27"]
[EventType "team-tourn"]
[EventCountry "GER"]
[WhiteTeam "Wadgassen SF"]
[BlackTeam "Regensburg SC Bavaria"]
[WhiteTeamCountry "GER"]
[BlackTeamCountry "GER"]

1. e4 d6 2. d4 Nf6 3. Nc3 e5 4. dxe5 dxe5 5. Qxd8+ Kxd8 6. Bg5 Be6 7. Nf3 Nbd7
8. O-O-O Kc8 9. h3 a6 10. Be3 Bd6 11. Ng5 b5 12. Nxe6 fxe6 13. f3 Kb7 14. a3 b4
15. axb4 Bxb4 16. Na4 Kc6 17. Bc4 Rhe8 18. b3 Bc5 19. Nxc5 Nxc5 20. Kb2 a5 21.
Ra1 Nfd7 22. Ra3 Reb8 23. Bxc5 Nxc5 24. c3 Rd8 25. Kc2 Rd6 26. b4 Nb7 27. Rd1
Rxd1 28. Kxd1 Kd6 29. Kc2 c5 30. bxa5 Rxa5 31. Rb3 Ra2+ 32. Kb1 Ra7 33. Rb6+
Kd7 34. Bxe6+ Kc7 35. Rb2 Ra3 36. Kc2 Ra6 37. Bd5 Nd6 38. Ra2 Rxa2+ 39. Bxa2 c4
40. Kd2 Kc6 41. Bb1 Nb5 42. Bc2 Kc5 43. g3 g5 44. Ba4 Nd6 45. Ke3 h6 46. f4 Nf7
47. Be8 Nd6 48. Bd7 Nf7 49. Be6 exf4+ 50. gxf4 gxf4+ 51. Kxf4 Nd6 52. Bd7 Nf7
53. e5 Nd8 54. Ke4 Kb6 55. Kd4 1-0

[Event "FBL S"]
[Site "?"]
[Date "2018.10.27"]
[Round "1.6"]
[White "Wetzler, Sophia"]
[Black "Leinenbach, Janine"]
[Result "1-0"]
[WhiteElo "1695"]
[BlackElo "1742"]
[PlyCount "85"]
[EventDate "2018.10.27"]
[EventType "team-tourn"]
[EventCountry "GER"]
[WhiteTeam "Regensburg SC Bavaria"]
[BlackTeam "Wadgassen SF"]
[WhiteTeamCountry "GER"]
[BlackTeamCountry "GER"]

1. e4 e5 2. Nf3 Nc6 3. Bb5 a6 4. Ba4 Nf6 5. O-O b5 6. Bb3 Be7 7. Re1 O-O 8. c3
Bb7 9. d3 d6 10. Nbd2 Na5 11. Bc2 c5 12. Nf1 Re8 13. Ng3 Nc6 14. Nf5 Bf8 15.
Ng5 Bc8 16. Bb3 Be6 17. Nxe6 fxe6 18. Ng3 d5 19. Qf3 d4 20. Bg5 Ra7 21. Nh5 Rf7
22. Qh3 Qd7 23. f4 Nxh5 24. Qxh5 exf4 25. Rad1 Na5 26. Bc2 Be7 27. Bxe7 Qxe7
28. Qf3 Kh8 29. e5 Qb7 30. Re4 dxc3 31. bxc3 Ref8 32. Qh3 Qe7 33. d4 g5 34. d5
exd5 35. Rxd5 Nc4 36. e6 Rg7 37. Rd7 Qf6 38. e7 Re8 39. Re6 Qf7 40. Rd8 g4 41.
Qh6 f3 42. Rxe8+ Qxe8 43. Bg6 1-0

[Event "FBL S"]
[Site "?"]
[Date "2018.10.28"]
[Round "2.3"]
[White "Horvath, Maria"]
[Black "Zimmer, Elke"]
[Result "1-0"]
[WhiteElo "1970"]
[BlackElo "1945"]
[PlyCount "107"]
[EventDate "2018.10.27"]
[EventType "team-tourn"]
[EventCountry "GER"]
[WhiteTeam "Augsburg SG"]
[BlackTeam "Wadgassen SF"]
[WhiteTeamCountry "GER"]
[BlackTeamCountry "GER"]

1. d4 d5 2. Nf3 Nf6 3. e3 c6 4. Bd3 Bg4 5. b3 e6 6. Bb2 Nbd7 7. Nbd2 Be7 8. O-O
Qc7 9. Qe1 Qa5 10. a3 Bxf3 11. b4 Qc7 12. Nxf3 O-O 13. Ne5 Nxe5 14. dxe5 Nd7
15. f4 f5 16. Rf3 g6 17. Rh3 c5 18. c4 Nb6 19. cxd5 Nxd5 20. Rc1 b6 21. bxc5
Bxc5 22. Bd4 Qe7 23. Bxc5 bxc5 24. Qa5 Rfc8 25. Rf3 Rab8 26. e4 Nb6 27. exf5
gxf5 28. Ba6 Rd8 29. Rfc3 Nd5 30. Rf3 Rb6 31. g3 Rb2 32. Qxc5 Qxc5+ 33. Rxc5
Nb6 34. Rf2 Rd1+ 35. Kg2 Rbb1 36. Bc4 Rg1+ 37. Kh3 Nxc4 38. Rxc4 h5 39. Rc7 a5
40. Rd2 Rb8 41. Ra7 Ra1 42. Rxa5 Rb7 43. Ra6 Kf7 44. Kh4 Re7 45. a4 Rb1 46. Rd8
Rb2 47. h3 Rb3 48. Raa8 Kg6 49. Rg8+ Rg7 50. Rxg7+ Kxg7 51. a5 Ra3 52. a6 Kf7
53. a7 Kg7 54. Re8 1-0

[Event "FBL S"]
[Site "?"]
[Date "2018.10.28"]
[Round "2.4"]
[White "Dellert, Lena"]
[Black "Woniak, Katarzyna"]
[Result "1-0"]
[WhiteElo "1894"]
[BlackElo "1945"]
[PlyCount "61"]
[EventDate "2018.10.27"]
[EventType "team-tourn"]
[EventCountry "GER"]
[WhiteTeam "Wadgassen SF"]
[BlackTeam "Augsburg SG"]
[WhiteTeamCountry "GER"]
[BlackTeamCountry "GER"]

1. e4 g6 2. d4 Bg7 3. Nc3 c5 4. Nf3 cxd4 5. Nxd4 Nc6 6. Be3 Nf6 7. Bc4 O-O 8.
Bb3 d6 9. f3 Qa5 10. Qd2 Nxd4 11. Bxd4 Bd7 12. O-O-O b5 13. Kb1 b4 14. Nd5 Nxd5
15. Bxg7 Kxg7 16. exd5 Ba4 17. h4 Bxb3 18. cxb3 h6 19. h5 Rh8 20. hxg6 fxg6 21.
Qd4+ Kf7 22. Qe3 h5 23. Qe6+ Ke8 24. Qxg6+ Kd7 25. Rxh5 Rxh5 26. Qxh5 Rc8 27.
Qf5+ Kd8 28. Re1 e5 29. Qf8+ Kd7 30. Qf7+ Kd8 31. Rh1 1-0